[Event "Douglas IoM op"]
[Site "Douglas"]
[Date "2017.09.24"]
[Round "2"]
[White "Heimisson, Hilmir Freyr"]
[Black "Mekhitarian, Krikor Sevag"]
[Result "0-1"]
[WhiteElo "2185"]
[BlackElo "2534"]
[PlyCount "94"]
[EventDate "2017.09.23"]
[EventType "swiss"]
[EventRounds "9"]
[EventCountry "ENG"]
[SourceTitle "EXT 2018"]
[Source "ChessBase"]
[SourceDate "2017.10.13"]
[SourceVersion "1"]
[SourceVersionDate "2017.10.13"]
[SourceQuality "1"]

1. d4 Nf6 2. Nf3 d5 3. c4 e6 4. g3 Bb4+ 5. Bd2 Be7 6. Bg2 O-O 7. O-O Nbd7 8.
cxd5 exd5 9. Nc3 c6 10. Qc2 Re8 11. a3 a5 12. Rfc1 Nb6 13. b3 g6 14. Bf4 Bf5
15. Qb2 Bf8 16. h3 Ne4 17. g4 Nxc3 18. Qxc3 Be4 19. Bf1 Bg7 20. Nd2 g5 21. Bg3
Bg6 22. e3 f5 23. gxf5 Bxf5 24. b4 a4 25. b5 Re6 26. Nf3 Nd7 27. Qb2 g4 28. Nh4
Be4 29. hxg4 Rh6 30. f3 Rxh4 31. Bxh4 Qxh4 32. fxe4 Qg3+ 33. Kh1 Qxe3 34. bxc6
Bxd4 35. Qxd4 Qxd4 36. cxd7 Qxe4+ 37. Bg2 Qe6 38. Rc8+ Rxc8 39. dxc8=Q+ Qxc8
40. Bxd5+ Kg7 41. Rb1 b6 42. Be4 Qe6 43. Bf5 Qd5+ 44. Kh2 Qa2+ 45. Kg3 Qxa3+
46. Kh4 Qd6 47. g5 a3 0-1

[Event "Douglas IoM op"]
[Site "Douglas"]
[Date "2017.09.25"]
[Round "3"]
[White "Mekhitarian, Krikor Sevag"]
[Black "Rodshtein, Maxim"]
[Result "1/2-1/2"]
[WhiteElo "2534"]
[BlackElo "2695"]
[PlyCount "63"]
[EventDate "2017.09.23"]
[EventType "swiss"]
[EventRounds "9"]
[EventCountry "ENG"]
[SourceTitle "EXT 2018"]
[Source "ChessBase"]
[SourceDate "2017.10.13"]
[SourceVersion "1"]
[SourceVersionDate "2017.10.13"]
[SourceQuality "1"]

1. e4 c6 2. d4 d5 3. Nc3 dxe4 4. Nxe4 Nd7 5. Nf3 Ngf6 6. Nxf6+ Nxf6 7. c3 Bg4
8. h3 Bxf3 9. Qxf3 g6 10. Bc4 Bg7 11. O-O O-O 12. a4 Qd7 13. Bg5 Nd5 14. a5 b5
15. axb6 axb6 16. h4 e6 17. h5 h6 18. Bd2 g5 19. Bb3 Rfd8 20. Rad1 Qc7 21. Qe2
b5 22. f4 Nxf4 23. Bxf4 gxf4 24. Qe4 e5 25. dxe5 Qxe5 26. Rxd8+ Rxd8 27. Qxf4
Qxf4 28. Rxf4 Rd7 29. Rf5 Bf8 30. Kf1 Kg7 31. Ke2 Bd6 32. c4 1/2-1/2

[Event "Douglas IoM op"]
[Site "Douglas"]
[Date "2017.09.26"]
[Round "4"]
[White "Howell, David"]
[Black "Mekhitarian, Krikor Sevag"]
[Result "1/2-1/2"]
[WhiteElo "2701"]
[BlackElo "2534"]
[PlyCount "77"]
[EventDate "2017.09.23"]
[EventType "swiss"]
[EventRounds "9"]
[EventCountry "ENG"]
[SourceTitle "EXT 2018"]
[Source "ChessBase"]
[SourceDate "2017.10.13"]
[SourceVersion "1"]
[SourceVersionDate "2017.10.13"]
[SourceQuality "1"]

1. e4 c5 2. c3 Nf6 3. e5 Nd5 4. Nf3 Nc6 5. Bc4 Nb6 6. Bb3 c4 7. Bc2 d5 8. exd6
e5 9. O-O Be6 10. a4 Bxd6 11. a5 Nd7 12. d4 cxd3 13. Qxd3 Be7 14. a6 b6 15. Re1
Rc8 16. Na3 Bxa3 17. Rxa3 f6 18. Be3 Kf7 19. Raa1 Qc7 20. Rad1 Nb4 21. Qe2 Nxc2
22. Qxc2 Nb8 23. Qa4 Rhd8 24. h3 Qc4 25. Qa3 Qb3 26. Qxb3 Bxb3 27. Rxd8 Rxd8
28. Nd2 Be6 29. Ra1 Bc8 30. b4 Bxa6 31. c4 Rd7 32. b5 Bc8 33. c5 bxc5 34. Ne4
Rc7 35. Bxc5 Ke6 36. Bxa7 Nd7 37. g4 Bb7 38. Ng3 g6 39. Re1 1/2-1/2

[Event "Douglas IoM op"]
[Site "Douglas"]
[Date "2017.09.27"]
[Round "5"]
[White "Mekhitarian, Krikor Sevag"]
[Black "Rathnakaran, Kantholi"]
[Result "0-1"]
[WhiteElo "2534"]
[BlackElo "2326"]
[PlyCount "69"]
[EventDate "2017.09.23"]
[EventType "swiss"]
[EventRounds "9"]
[EventCountry "ENG"]
[SourceTitle "EXT 2018"]
[Source "ChessBase"]
[SourceDate "2017.10.13"]
[SourceVersion "1"]
[SourceVersionDate "2017.10.13"]
[SourceQuality "1"]

1. e4 e6 2. d4 d5 3. Nd2 Nf6 4. e5 Nfd7 5. Bd3 c5 6. c3 Nc6 7. Ngf3 g6 8. h4 h6
9. Bc2 b6 10. Nf1 Ba6 11. a3 f5 12. Ng3 Bg7 13. Ne2 Qe7 14. Nf4 Nf8 15. b4 cxd4
16. cxd4 Bc4 17. Bd3 b5 18. Bxc4 dxc4 19. O-O Rd8 20. Bb2 g5 21. Nh5 g4 22.
Nxg7+ Qxg7 23. Ne1 Ng6 24. a4 a6 25. axb5 axb5 26. Qe2 O-O 27. Nc2 Nxh4 28. Qe3
f4 29. Qe4 Nf3+ 30. Kh1 Qg5 31. gxf3 Qh5+ 32. Kg2 Qh3+ 33. Kg1 gxf3 34. Ne1 Kh8
35. d5 0-1

[Event "Douglas IoM op"]
[Site "Douglas"]
[Date "2017.09.28"]
[Round "6"]
[White "Roberson, Peter T"]
[Black "Mekhitarian, Krikor Sevag"]
[Result "1/2-1/2"]
[WhiteElo "2403"]
[BlackElo "2534"]
[PlyCount "91"]
[EventDate "2017.09.23"]
[EventType "swiss"]
[EventRounds "9"]
[EventCountry "ENG"]
[SourceTitle "EXT 2018"]
[Source "ChessBase"]
[SourceDate "2017.10.13"]
[SourceVersion "1"]
[SourceVersionDate "2017.10.13"]
[SourceQuality "1"]

1. e4 c5 2. c3 d5 3. exd5 Qxd5 4. d4 Nc6 5. Nf3 Bf5 6. Be2 cxd4 7. cxd4 Bxb1 8.
Rxb1 e6 9. O-O Nf6 10. b4 Bd6 11. b5 Ne7 12. Ne5 Bxe5 13. dxe5 Qxd1 14. Bxd1
Nfd5 15. Bf3 Kd7 16. Ba3 Rac8 17. Rfd1 Rhd8 18. Rd2 Ke8 19. h3 b6 20. Rb3 Rc4
21. Rbd3 Ra4 22. Bd6 g5 23. Kh2 Rc8 24. g3 Rc3 25. Rxc3 Nxc3 26. Rc2 Nxb5 27.
Kg2 Nxd6 28. exd6 Nd5 29. Bxd5 exd5 30. Rc7 Rxa2 31. Re7+ Kd8 32. Rxf7 h6 33.
Rh7 b5 34. Rb7 a6 35. Kf3 Rb2 36. Ra7 Ra2 37. Ke3 b4 38. Rb7 a5 39. f4 Ra3+ 40.
Kd4 Rxg3 41. f5 Rf3 42. Ke5 Re3+ 43. Kxd5 Rd3+ 44. Ke5 Re3+ 45. Kd5 Rd3+ 46.
Ke5 1/2-1/2

[Event "Douglas IoM op"]
[Site "Douglas"]
[Date "2017.09.29"]
[Round "7"]
[White "Mekhitarian, Krikor Sevag"]
[Black "Woellermann, Jan"]
[Result "0-1"]
[WhiteElo "2534"]
[BlackElo "2384"]
[PlyCount "80"]
[EventDate "2017.09.23"]
[EventType "swiss"]
[EventRounds "9"]
[EventCountry "ENG"]
[SourceTitle "EXT 2018"]
[Source "ChessBase"]
[SourceDate "2017.10.13"]
[SourceVersion "1"]
[SourceVersionDate "2017.10.13"]
[SourceQuality "1"]

1. d4 Nf6 2. c4 e6 3. Nc3 Bb4 4. Nf3 d5 5. cxd5 exd5 6. Bg5 h6 7. Bh4 Nbd7 8.
e3 g5 9. Bg3 Ne4 10. Nd2 Nxg3 11. hxg3 Nb6 12. Qc2 Be6 13. a3 Be7 14. O-O-O c6
15. f4 Qc7 16. Nf3 O-O-O 17. Ne5 Bd6 18. Bd3 h5 19. Rdf1 Kb8 20. Kb1 Rdg8 21.
Qe2 f6 22. Ng6 Bg4 23. Qc2 Rh6 24. f5 Bxg3 25. e4 Rh7 26. Be2 Re8 27. Bxg4 hxg4
28. Rxh7 Qxh7 29. e5 fxe5 30. Ne2 Bh2 31. f6 Qf7 32. g3 exd4 33. Nxd4 Bxg3 34.
Qf5 Nc4 35. Ne7 Bf4 36. Qd7 Rf8 37. Rxf4 gxf4 38. Ne6 Qxf6 39. Qc7+ Ka8 40. Nd8
Qxb2# 0-1

[Event "Douglas IoM op"]
[Site "Douglas"]
[Date "2017.09.30"]
[Round "8"]
[White "Karavade, Eesha"]
[Black "Mekhitarian, Krikor Sevag"]
[Result "1/2-1/2"]
[WhiteElo "2384"]
[BlackElo "2534"]
[PlyCount "67"]
[EventDate "2017.09.23"]
[EventType "swiss"]
[EventRounds "9"]
[EventCountry "ENG"]
[SourceTitle "EXT 2018"]
[Source "ChessBase"]
[SourceDate "2017.10.13"]
[SourceVersion "1"]
[SourceVersionDate "2017.10.13"]
[SourceQuality "1"]

1. e4 c5 2. Nf3 d6 3. Bb5+ Nd7 4. d4 cxd4 5. Qxd4 a6 6. Bxd7+ Bxd7 7. c4 Nf6 8.
Nc3 g6 9. b3 Bg7 10. Bb2 O-O 11. O-O Bg4 12. Qe3 Nd7 13. Nd4 Nc5 14. f3 Bd7 15.
Rf2 e6 16. Rd2 Qe7 17. Rad1 Rfd8 18. Nc2 Be8 19. Nb4 Qc7 20. Ne2 Bxb2 21. Rxb2
a5 22. Nd3 a4 23. Nxc5 dxc5 24. Rxd8 Rxd8 25. Rd2 Bc6 26. Rxd8+ Qxd8 27. Qxc5
Qd2 28. Kf2 Qxa2 29. bxa4 Bxa4 30. Qd4 Bb3 31. Qd8+ Kg7 32. Qd4+ Kg8 33. Qd8+
Kg7 34. Qd4+ 1/2-1/2

[Event "Douglas IoM op"]
[Site "Douglas"]
[Date "2017.10.01"]
[Round "9"]
[White "Mekhitarian, Krikor Sevag"]
[Black "Zwahr, Paul"]
[Result "1-0"]
[WhiteElo "2534"]
[BlackElo "2306"]
[PlyCount "79"]
[EventDate "2017.09.23"]
[EventType "swiss"]
[EventRounds "9"]
[EventCountry "ENG"]
[SourceTitle "EXT 2018"]
[Source "ChessBase"]
[SourceDate "2017.10.13"]
[SourceVersion "1"]
[SourceVersionDate "2017.10.13"]
[SourceQuality "1"]

1. Nf3 d5 2. d4 Nf6 3. c4 dxc4 4. e3 Bg4 5. Bxc4 e6 6. h3 Bh5 7. g4 Bg6 8. Ne5
Be4 9. f3 Bd5 10. Be2 Nfd7 11. e4 Qh4+ 12. Kf1 Bc6 13. Nd3 f5 14. d5 exd5 15.
exf5 Na6 16. Nf4 O-O-O 17. Ne6 Re8 18. Bg5 Qg3 19. Bf4 Qh4 20. Bxa6 bxa6 21.
Kg2 Qf6 22. Nc3 Rxe6 23. fxe6 Qxe6 24. Rc1 Bc5 25. Qd3 Rf8 26. Rhe1 Qf7 27.
Qxa6+ Kb8 28. Qxc6 Qxf4 29. Qxd5 Bd6 30. Kf1 Ne5 31. Ke2 Nxf3 32. Rf1 Re8+ 33.
Kd1 Re3 34. Nb5 Qa4+ 35. b3 Qxa2 36. Qg8+ Kb7 37. Nxd6+ cxd6 38. Qc8+ Kb6 39.
Rc6+ Kb5 40. Qb7+ 1-0